|
|
|
|
| LEADER |
00000nab a2200000 a 4500 |
| 001 |
vtls000847274 |
| 003 |
SK-MaSNL |
| 005 |
20260304214929.0 |
| 008 |
160405c2003 xo 0 slo |
| 015 |
|
|
|a SNBRB2003/10-27441
|
| 035 |
|
|
|a CLN000198929
|
| 040 |
|
|
|a SNKBUCL
|b slo
|c SNKBUCL
|e AACR2
|
| 041 |
0 |
|
|a slo
|
| 044 |
|
|
|a xo
|c SK
|
| 080 |
|
|
|a 636.32/.38.09:637.115
|2 1997
|
| 080 |
|
|
|a 619:618.19-002
|2 1997
|
| 080 |
|
|
|a 637.115
|2 1997
|
| 100 |
1 |
|
|a Elečko, Juraj,
|d 1954-
|4 aut
|9 8330
|
| 245 |
1 |
0 |
|a Starostlivosť o mliečnu žľazu oviec
|c Juraj Elečko
|
| 650 |
0 |
7 |
|a ovce
|2 SNKPH
|9 14971
|
| 650 |
0 |
7 |
|a terapia
|2 SNKPH
|9 781
|
| 650 |
0 |
7 |
|a mliečne žľazy
|2 SNKPH
|9 74681
|
| 650 |
0 |
7 |
|a strojové dojenie
|2 SNK
|9 69583
|
| 650 |
0 |
7 |
|a mastitída (veterinárna medicína)
|2 SNKPH
|9 224559
|
| 650 |
0 |
7 |
|a zdravotný stav zvierat
|2 SNK
|9 1032396
|
| 650 |
0 |
7 |
|a prevencia ochorení
|2 SNK
|9 69501
|
| 655 |
|
7 |
|a články z novín a časopisov
|2 SNK
|9 267496
|
| 773 |
0 |
|
|x 1335-440X
|t Sme. Roľnícke noviny
|g Č. 179 (19.9.2003)
|
| 773 |
0 |
|
|x 1335-440X
|t [Príl.] Roľnícke noviny
|g Č. 16 (19.9.2003), s. 7
|
| 850 |
|
|
|a Slovenská národná knižnica v Martine
|
| 852 |
|
|
|a SNK
|b KIS3GCP
|
| 958 |
|
|
|a MI
|
| 958 |
|
|
|a RBX
|
| 999 |
|
|
|c 3143921
|d 3145851
|